Cómo enseñar a través del juego / (Record no. 28030)
[ view plain ]
| 000 -LEADER | |
|---|---|
| campo de control de longitud fija | 00649nam a2200205 i 4500 |
| 001 - NÚMERO DE CONTROL | |
| campo de control | 28030 |
| 003 - IDENTIFICADOR DE NÚMERO DE CONTROL | |
| campo de control | ES-MaACL |
| 005 - FECHA Y HORA DE LA ÚLTIMA TRANSACCIÓN | |
| campo de control | 20230906153741.0 |
| 007 - CAMPO FIJO DE DESCRIPCIÓN FÍSICA--INFORMACIÓN GENERAL | |
| campo de control de longitud fija | t| |
| 008 - DATOS DE LONGITUD FIJA--INFORMACIÓN GENERAL | |
| campo de control de longitud fija | 030116s1973 sp ||||1| spa d |
| 100 1# - ENTRADA PRINCIPAL--NOMBRE DE PERSONA | |
| Nombre de persona | Bandet, Jeanne. |
| 9 (RLIN) | 25179 |
| 245 10 - MENCIÓN DEL TÍTULO | |
| Título | Cómo enseñar a través del juego / |
| Mención de responsabilidad, etc. | Jeanne Bandet, Madeleine Abbadie ; [traducción por Nuria Vidal]. |
| 250 ## - MENCION DE EDICION | |
| Mención de edición | [1ª ed.]. |
| 260 ## - PUBLICACIÓN, DISTRIBUCIÓN, ETC. | |
| Lugar de publicación, distribución, etc. | Barcelona : |
| Nombre del editor, distribuidor, etc. | Fontanella : |
| -- | Ferrer Coll, |
| Fecha de publicación, distribución, etc. | 1973. |
| 300 ## - DESCRIPCIÓN FÍSICA | |
| Extensión | 242 p., 2 lám. : |
| Otras características físicas | il. ; |
| Dimensiones | 19 cm. |
| 700 1# - ENTRADA AGREGADA--NOMBRE PERSONAL | |
| Nombre de persona | Abbadie, Madeleine, |
| 9 (RLIN) | 17996 |
| 700 1# - ENTRADA AGREGADA--NOMBRE PERSONAL | |
| Nombre de persona | Vidal, Nuria. |
| 9 (RLIN) | 114451 |
| 852 ## - LOCALIZACIÓN | |
| Ubicación | ES-MaACL |
| Número de control de estantería | C-53052 |
| Sublocalización o colección | R.85467 |
| Estatus retirado | Estado de pérdida | Estado de daño | No para préstamo | Biblioteca de origen | Biblioteca actual | Ubicación en estantería | Fecha de adquisición | Fuente de adquisición | Total de préstamos | Signatura topográfica completa | Código de barras | Visto por última vez | Precio de reemplazo | Tipo de ítem Koha |
|---|---|---|---|---|---|---|---|---|---|---|---|---|---|---|
| Biblioteca del Ateneo de Madrid | Biblioteca del Ateneo de Madrid | Depósito 2 | 17/01/2008 | C-53052 | 1028940 | 23/02/2023 | 23/02/2023 | Libro impreso |
